Simulación de una estrategia de control para el Complejo Hidroeléctrico Arenal-Corobici-Sandillal

Uloženo v:
Podrobná bibliografie
Hlavní autor: Vega Vásquez, Carlos Antonio
Médium: Kniha
Vydáno: [San José , Costa Rica] 1995
Témata:
Tagy: Přidat tag
Žádné tagy, Buďte první, kdo vytvoří štítek k tomuto záznamu!

MARC

LEADER 00000nam a2200000Ia 4500
003 007792
005 20221231144250.0
008 140114s1995 cr a m 000 ||s d
040 |c cru CEDI 
090 |a TFG 3366 
100 |a Vega Vásquez, Carlos Antonio  |9 10519 
245 |a Simulación de una estrategia de control para el Complejo Hidroeléctrico Arenal-Corobici-Sandillal 
260 |c 1995  |a [San José , Costa Rica] 
300 |a  xiii, 83 páginas : ilustraciones, 4 mapas plegables  
500 |a  Proyecto de graduación (bachillerato en ingeniería eléctrica)--Universidad de Costa Rica. Facultad de Ingeniería. Escuela de Ingeniería Eléctrica 
650 |x CONTROL AUTOMATICO   |x CENTRALES HIDROELECTRICAS - COSTA RICA   |x SIMULACION POR COMPUTADORA ARENAL-COROBICI-SANDILLAL (COSTA RICA)  |x SISTEMA HIDROELECTRICO ARENAL-COROBICI-SANDILLAL (COSTA RICA)  |9 10520 
942 |c TFG 
999 |c 19294  |d 19294